00353nam a2200145Ia 4500008004100000020001500041041001200056082001600068100001400084245005100098260002500149300000800174650000800182700001700190221030s9999 xx 000 0 und d a8120327845 aEnglish a105.23bPit aA. Pittet 0aAnalog Electronicscby A. Pittet, A Kandaswamy bPHIaNew Delhic2005 a352 aECE aA Kandaswamy